=LDR 00000nam 2200000 4500 =001 INLIS000000000007235 =005 20130612095252 =008 ***********************************Ind** =035 ##$$0010-061300000007235 =041 ##$$a Ind =082 ##$$a 248.4 =090 ##$$a 248.4, Bud k =100 ##$$a Al-Budyapranata =245 ##$$a Kunjungan membangun persaudaraan, Al-Budyapranata =260 ##$$a 1994 $b Yogyakarta =300 ##$$a 126 hlm, 21 cm =650 ##$$a Keluarga Kristen